书目信息 |
| 题名: |
A journey to the center of the earth
|
|
| 作者: | 凡尔纳 著 ;海波古德 英译 | |
| 分册: | ||
| 出版信息: | 沈阳 辽宁人民出版社 2020.01 |
|
| 页数: | 265页 | |
| 开本: | 18cm | |
| 丛书名: | 最经典英语文库 | |
| 单 册: | ||
| 中图分类: | H319.4:I565.44 | |
| 科图分类: | ||
| 主题词: | 英语--ying yu--语言读物 , 幻想小说--huan xiang xiao shuo--法国--近代 , 长篇小说--chang pian xiao shuo--法国--近代 | |
| 电子资源: | ||
| ISBN: | 978-7-205-09799-8 | |
| 000 | 01305nam 2200337 450 | |
| 001 | 0100015906 | |
| 005 | 20201009150356.0 | |
| 010 | @a978-7-205-09799-8@dCNY28.00 | |
| 100 | @a20200414d2020 em y0chiy50 ba | |
| 101 | 0 | @aeng |
| 102 | @aCN@b210000 | |
| 105 | @ay z 000ay | |
| 106 | @ar | |
| 200 | 1 | @aA journey to the center of the earth@fJules Verne |
| 210 | @a沈阳@c辽宁人民出版社@d2020.01 | |
| 215 | @a265页@d18cm | |
| 225 | 2 | @a最经典英语文库@Azui jing dian ying yu wen ku |
| 312 | @a中文题名取自封面 | |
| 314 | @aCIP数据题: (英) 海波古德英译 | |
| 314 | @a责任者规范汉译姓: 凡尔纳 | |
| 330 | @a德国科学家李登布洛克教授受前人萨克努塞姆一封密码信的启发, 偕同侄子阿克塞尔和向导汉斯, 进行了一次穿越地心的探险旅行。他们从冰鸟的斯奈菲尔火山口下降, 一路上克服了缺水、迷路、风暴等各种困难, 终于在一次火山喷发中从西西里岛的斯德隆布利火山回到地面。 | |
| 410 | 0 | @12001 @a最经典英语文库 |
| 510 | 1 | @a地心游记@zchi |
| 606 | 0 | @a英语@Aying yu@j语言读物 |
| 606 | 0 | @a幻想小说@Ahuan xiang xiao shuo@y法国@z近代 |
| 606 | 0 | @a长篇小说@Achang pian xiao shuo@y法国@z近代 |
| 690 | @aH319.4:I565.44@v5 | |
| 701 | 1 | @a凡尔纳@Afan er na@g(Verne, Jules),@f1828-1905@4著 |
| 702 | 0 | @a海波古德@Ahai bo gu de@4英译 |
| 801 | 0 | @aCN@c20201009 |
| 905 | @a河南城建学院图书馆@dH319.4:I@eF048@f3 | |
| A journey to the center of the earth/Jules Verne.-沈阳:辽宁人民出版社,2020.01 |
| 265页;18cm.-(最经典英语文库) |
| ISBN 978-7-205-09799-8:CNY28.00 |
| 德国科学家李登布洛克教授受前人萨克努塞姆一封密码信的启发, 偕同侄子阿克塞尔和向导汉斯, 进行了一次穿越地心的探险旅行。他们从冰鸟的斯奈菲尔火山口下降, 一路上克服了缺水、迷路、风暴等各种困难, 终于在一次火山喷发中从西西里岛的斯德隆布利火山回到地面。 |
| ● |
| 相关链接 |
|
|
|
正题名:A journey to the center of the earth
索取号:H319.4:I/F048
 
预约/预借
| 序号 | 登录号 | 条形码 | 馆藏地/架位号 | 状态 | 备注 |
| 1 | 1495221 | 214952210 | 语言库209/209语言库 53排1列2层/ [索取号:H319.4:I/F048] | 在馆 | |
| 2 | 1495222 | 214952229 | 语言库209/209语言库 53排1列2层/ [索取号:H319.4:I/F048] | 在馆 | |
| 3 | 1495223 | 214952238 | 语言库209/209语言库 53排1列2层/ [索取号:H319.4:I/F048] | 在馆 |